<?xml version="1.0" encoding="UTF-8"?>
<record
    xmlns:xsi="http://www.w3.org/2001/XMLSchema-instance"
    xsi:schemaLocation="http://www.loc.gov/MARC21/slim http://www.loc.gov/standards/marcxml/schema/MARC21slim.xsd"
    xmlns="http://www.loc.gov/MARC21/slim">

  <leader>03644ncm0a2200469   4500</leader>
  <controlfield tag="001">RU\NLR\ONIZ\219590</controlfield>
  <controlfield tag="005">20250626085143.0</controlfield>
  <datafield tag="010" ind1=" " ind2=" ">
    <subfield code="a">978-5-00105-124-4</subfield>
  </datafield>
  <datafield tag="021" ind1=" " ind2=" ">
    <subfield code="a">RU</subfield>
    <subfield code="b">17-248&#x43D;</subfield>
    <subfield code="9">17-16&#x43D;</subfield>
  </datafield>
  <datafield tag="035" ind1=" " ind2=" ">
    <subfield code="a">RU\NLR\ONIZ\lanatalya\5000005385\20170914151014</subfield>
  </datafield>
  <datafield tag="035" ind1=" " ind2=" ">
    <subfield code="a">(NLR Aleph) 011535179</subfield>
  </datafield>
  <datafield tag="090" ind1=" " ind2=" ">
    <subfield code="a">12165649</subfield>
    <subfield code="c">12165649</subfield>
  </datafield>
  <datafield tag="100" ind1=" " ind2=" ">
    <subfield code="a">20170914d2017    |||y0rusy50      ca</subfield>
  </datafield>
  <datafield tag="101" ind1="0" ind2=" ">
    <subfield code="a">rus</subfield>
  </datafield>
  <datafield tag="102" ind1=" " ind2=" ">
    <subfield code="a">RU</subfield>
  </datafield>
  <datafield tag="125" ind1=" " ind2=" ">
    <subfield code="a">zx</subfield>
  </datafield>
  <datafield tag="145" ind1="0" ind2=" ">
    <subfield code="a">b</subfield>
  </datafield>
  <datafield tag="200" ind1="1" ind2=" ">
    <subfield code="a">&#x425;&#x440;&#x435;&#x441;&#x442;&#x43E;&#x43C;&#x430;&#x442;&#x438;&#x44F; &#x434;&#x43B;&#x44F; &#x43E;&#x440;&#x43A;&#x435;&#x441;&#x442;&#x440;&#x430; &#x433;&#x430;&#x440;&#x43C;&#x43E;&#x43D;&#x438;&#x43A;</subfield>
    <subfield code="b">&#x41D;&#x43E;&#x442;&#x44B;</subfield>
    <subfield code="e">&#x434;&#x43B;&#x44F; &#x441;&#x442;&#x443;&#x434;&#x435;&#x43D;&#x442;&#x43E;&#x432; &#x431;&#x430;&#x43A;&#x430;&#x43B;&#x430;&#x432;&#x440;&#x438;&#x430;&#x442;&#x430; &#x43D;&#x430;&#x43F;&#x440;&#x430;&#x432;&#x43B;&#x435;&#x43D;&#x438;&#x44F; 53.03.02 "&#x41C;&#x443;&#x437;.-&#x438;&#x43D;&#x441;&#x442;&#x440;&#x443;&#x43C;&#x435;&#x43D;&#x442;. &#x438;&#x441;&#x43A;&#x443;&#x441;&#x441;&#x442;&#x432;&#x43E;" &#x43F;&#x440;&#x43E;&#x444;&#x438;&#x43B;&#x44C; "&#x431;&#x430;&#x44F;&#x43D;, &#x430;&#x43A;&#x43A;&#x43E;&#x440;&#x434;&#x435;&#x43E;&#x43D; &#x438; &#x441;&#x442;&#x440;&#x443;&#x43D;. &#x449;&#x438;&#x43F;&#x43A;&#x43E;&#x432;&#x44B;&#x435; &#x438;&#x43D;&#x441;&#x442;&#x440;&#x443;&#x43C;&#x435;&#x43D;&#x442;&#x44B;"</subfield>
    <subfield code="f">&#x42F;. &#x42E;. &#x421;&#x43C;&#x438;&#x440;&#x43D;&#x43E;&#x432;</subfield>
  </datafield>
  <datafield tag="210" ind1=" " ind2=" ">
    <subfield code="a">&#x421;&#x430;&#x43D;&#x43A;&#x442;-&#x41F;&#x435;&#x442;&#x435;&#x440;&#x431;&#x443;&#x440;&#x433;</subfield>
    <subfield code="c">&#x41B;&#x435;&#x43C;&#x430;</subfield>
    <subfield code="d">2017</subfield>
  </datafield>
  <datafield tag="215" ind1=" " ind2=" ">
    <subfield code="a">90, [2] &#x441;.</subfield>
    <subfield code="c">&#x438;&#x43B;.</subfield>
    <subfield code="d">29 &#x441;&#x43C;</subfield>
  </datafield>
  <datafield tag="313" ind1=" " ind2=" ">
    <subfield code="a">&#x421;&#x438;&#x441;&#x442;&#x435;&#x43C;&#x430;&#x442;&#x438;&#x437;&#x430;&#x446;&#x438;&#x44F; &#x434;&#x43E;&#x43A;&#x443;&#x43C;&#x435;&#x43D;&#x442;&#x430; &#x43F;&#x440;&#x43E;&#x432;&#x435;&#x434;&#x435;&#x43D;&#x430; &#x43F;&#x43E; &#x438;&#x437;&#x434;&#x430;&#x43D;&#x438;&#x44E; - &#x41C;&#x435;&#x442;&#x43E;&#x434;&#x438;&#x43A;&#x430; &#x43A;&#x43B;&#x430;&#x441;&#x441;&#x438;&#x444;&#x438;&#x446;&#x438;&#x440;&#x43E;&#x432;&#x430;&#x43D;&#x438;&#x44F; &#x43C;&#x443;&#x437;&#x44B;&#x43A;&#x430;&#x43B;&#x44C;&#x43D;&#x44B;&#x445; &#x43F;&#x440;&#x43E;&#x438;&#x437;&#x432;&#x435;&#x434;&#x435;&#x43D;&#x438;&#x439; (&#x43D;&#x43E;&#x442;&#x43D;&#x44B;&#x445; &#x438;&#x437;&#x434;&#x430;&#x43D;&#x438;&#x439;) &#x43F;&#x43E; &#x442;&#x430;&#x431;&#x43B;&#x438;&#x446;&#x430;&#x43C; &#x411;&#x438;&#x431;&#x43B;&#x438;&#x43E;&#x442;&#x435;&#x447;&#x43D;&#x43E;-&#x431;&#x438;&#x431;&#x43B;&#x438;&#x43E;&#x433;&#x440;&#x430;&#x444;&#x438;&#x447;&#x435;&#x441;&#x43A;&#x438;&#x445; &#x43A;&#x43B;&#x430;&#x441;&#x441;&#x438;&#x444;&#x438;&#x43A;&#x430;&#x446;&#x438;&#x439; : &#x43C;&#x435;&#x442;&#x43E;&#x434;. &#x440;&#x435;&#x43A;&#x43E;&#x43C;&#x435;&#x43D;&#x434;&#x430;&#x446;&#x438;&#x438; / &#x413;&#x43E;&#x441;. &#x431;-&#x43A;&#x430; &#x421;&#x421;&#x421;&#x420; &#x438;&#x43C;. &#x412;.&#x418;. &#x41B;&#x435;&#x43D;&#x438;&#x43D;&#x430;.- &#x41C;., 1977. &#x418;&#x43D;&#x434;&#x435;&#x43A;&#x441;&#x443; &#x411;&#x411;&#x41A; &#x43C;&#x435;&#x442;&#x43E;&#x434;&#x438;&#x447;&#x435;&#x441;&#x43A;&#x438;&#x445; &#x440;&#x435;&#x43A;&#x43E;&#x43C;&#x435;&#x43D;&#x434;&#x430;&#x446;&#x438;&#x439; &#x43F;&#x440;&#x438;&#x441;&#x432;&#x430;&#x438;&#x432;&#x430;&#x435;&#x442;&#x441;&#x44F; &#x43A;&#x43E;&#x434; &#x411;&#x411;&#x41A; &#x434;&#x43B;&#x44F; &#x43D;&#x430;&#x443;&#x447;&#x43D;&#x44B;&#x445; &#x431;&#x438;&#x431;&#x43B;&#x438;&#x43E;&#x442;&#x435;&#x43A; - LBC/SL</subfield>
  </datafield>
  <datafield tag="327" ind1="1" ind2=" ">
    <subfield code="a">1. &#x422;&#x430;&#x43D;&#x435;&#x446; &#x441; &#x441;&#x430;&#x431;&#x43B;&#x44F;&#x43C;&#x438; &#x438;&#x437; &#x431;&#x430;&#x43B;&#x435;&#x442;&#x430; "&#x413;&#x430;&#x44F;&#x43D;&#x44D;" / &#x410;. &#x425;&#x430;&#x447;&#x430;&#x442;&#x443;&#x440;&#x44F;&#x43D;.</subfield>
    <subfield code="a">2. &#x41B;&#x44E;&#x431;&#x438;&#x43C;&#x430;&#x44F; &#x43C;&#x435;&#x43B;&#x43E;&#x434;&#x438;&#x44F; : (&#x43F;&#x430;&#x440;&#x430;&#x444;&#x440;&#x430;&#x437; &#x43D;&#x430; &#x442;&#x435;&#x43C;&#x443; &#x418;. &#x426;&#x432;&#x435;&#x442;&#x43A;&#x43E;&#x432;&#x430;) / &#x412;. &#x411;&#x438;&#x431;&#x435;&#x440;&#x433;&#x430;&#x43D;</subfield>
  </datafield>
  <datafield tag="464" ind1=" " ind2="0">
    <subfield code="1">2001#$a&#x422;&#x430;&#x43D;&#x435;&#x446; &#x441; &#x441;&#x430;&#x431;&#x43B;&#x44F;&#x43C;&#x438; &#x438;&#x437; &#x431;&#x430;&#x43B;&#x435;&#x442;&#x430; "&#x413;&#x430;&#x44F;&#x43D;&#x44D;"$f&#x410;. &#x425;&#x430;&#x447;&#x430;&#x442;&#x443;&#x440;&#x44F;&#x43D;</subfield>
    <subfield code="1">215##$a&#x421;.28-53</subfield>
    <subfield code="1">700#1$9z01790$a&#x425;&#x430;&#x447;&#x430;&#x442;&#x443;&#x440;&#x44F;&#x43D;$b&#x410;.&#x418;.$g&#x410;&#x440;&#x430;&#x43C; &#x418;&#x43B;&#x44C;&#x438;&#x447;$f1903-1978$4230$7ca</subfield>
    <subfield code="1">790#1$9z01700$aKhachaturian$bA.$gAram$f1903-1978$4230$7ba</subfield>
    <subfield code="t">&#x422;&#x430;&#x43D;&#x435;&#x446; &#x441; &#x441;&#x430;&#x431;&#x43B;&#x44F;&#x43C;&#x438; &#x438;&#x437; &#x431;&#x430;&#x43B;&#x435;&#x442;&#x430; "&#x413;&#x430;&#x44F;&#x43D;&#x44D;"</subfield>
    <subfield code="a">&#x425;&#x430;&#x447;&#x430;&#x442;&#x443;&#x440;&#x44F;&#x43D;, &#x410;&#x440;&#x430;&#x43C; &#x418;&#x43B;&#x44C;&#x438;&#x447; (1903-1978)</subfield>
  </datafield>
  <datafield tag="464" ind1=" " ind2="0">
    <subfield code="1">2001#$a&#x41B;&#x44E;&#x431;&#x438;&#x43C;&#x430;&#x44F; &#x43C;&#x435;&#x43B;&#x43E;&#x434;&#x438;&#x44F;$e(&#x43F;&#x430;&#x440;&#x430;&#x444;&#x440;&#x430;&#x437; &#x43D;&#x430; &#x442;&#x435;&#x43C;&#x443; &#x418;. &#x426;&#x432;&#x435;&#x442;&#x43A;&#x43E;&#x432;&#x430;)$f&#x412;. &#x411;&#x438;&#x431;&#x435;&#x440;&#x433;&#x430;&#x43D;</subfield>
    <subfield code="1">215##$a&#x421;.55-87</subfield>
    <subfield code="1">700#1$9z01790$a&#x411;&#x438;&#x431;&#x435;&#x440;&#x433;&#x430;&#x43D;$b&#x412;. &#x414;.$g&#x412;&#x430;&#x434;&#x438;&#x43C; &#x414;&#x430;&#x432;&#x438;&#x434;&#x43E;&#x432;&#x438;&#x447;$f1937-$4230$7ca</subfield>
    <subfield code="1">790#1$9z01700$aBibergan$bV. D.$gVadim Davidovich$f1937-$4230$7ba</subfield>
    <subfield code="t">&#x41B;&#x44E;&#x431;&#x438;&#x43C;&#x430;&#x44F; &#x43C;&#x435;&#x43B;&#x43E;&#x434;&#x438;&#x44F;</subfield>
    <subfield code="a">&#x411;&#x438;&#x431;&#x435;&#x440;&#x433;&#x430;&#x43D;, &#x412;&#x430;&#x434;&#x438;&#x43C; &#x414;&#x430;&#x432;&#x438;&#x434;&#x43E;&#x432;&#x438;&#x447; (1937-)</subfield>
  </datafield>
  <datafield tag="606" ind1="1" ind2=" ">
    <subfield code="a">&#x41F;&#x440;&#x43E;&#x438;&#x437;&#x432;&#x435;&#x434;&#x435;&#x43D;&#x438;&#x44F; &#x434;&#x43B;&#x44F; &#x430;&#x43D;&#x441;&#x430;&#x43C;&#x431;&#x43B;&#x44F; &#x431;&#x430;&#x44F;&#x43D;&#x43E;&#x432; &#x438; &#x430;&#x43A;&#x43A;&#x43E;&#x440;&#x434;&#x435;&#x43E;&#x43D;&#x43E;&#x432;</subfield>
    <subfield code="j">&#x41D;&#x43E;&#x442;&#x44B;</subfield>
    <subfield code="2">nlr_sh</subfield>
  </datafield>
  <datafield tag="606" ind1="1" ind2=" ">
    <subfield code="a">&#x41E;&#x440;&#x43A;&#x435;&#x441;&#x442;&#x440;&#x43E;&#x432;&#x44B;&#x439; &#x43A;&#x43B;&#x430;&#x441;&#x441; (&#x443;&#x447;&#x435;&#x431;&#x43D;&#x43E;&#x435; &#x43F;&#x43E;&#x441;&#x43E;&#x431;&#x438;&#x435;)</subfield>
    <subfield code="y">&#x420;&#x43E;&#x441;&#x441;&#x438;&#x44F;</subfield>
    <subfield code="j">&#x41D;&#x43E;&#x442;&#x44B;</subfield>
    <subfield code="2">nlr_sh</subfield>
  </datafield>
  <datafield tag="686" ind1=" " ind2=" ">
    <subfield code="a">&#x429;952.459.3(2&#x420;=&#x420;)&#x44F;43</subfield>
    <subfield code="v">LBC/SL</subfield>
    <subfield code="2">rubbk</subfield>
  </datafield>
  <datafield tag="686" ind1=" " ind2=" ">
    <subfield code="a">&#x429;951.993(2&#x420;=&#x420;)&#x44F;43</subfield>
    <subfield code="v">LBC/SL</subfield>
    <subfield code="2">rubbk</subfield>
  </datafield>
  <datafield tag="686" ind1=" " ind2=" ">
    <subfield code="a">&#x429;951.9, 8 ( &#x41E;&#x440;&#x43A;&#x435;&#x441;&#x442;&#x440; &#x431;&#x430;&#x44F;&#x43D;&#x43D;&#x43E;-&#x430;&#x43A;&#x43A;&#x43E;&#x440;&#x434;&#x435;&#x43E;&#x43D;&#x43D;&#x44B;&#x439; &#x438;&#x43C;. &#x41F;. &#x418;. &#x421;&#x43C;&#x438;&#x440;&#x43D;&#x43E;&#x432;&#x430;)</subfield>
    <subfield code="v">LBC/SL</subfield>
    <subfield code="2">rubbk</subfield>
  </datafield>
  <datafield tag="700" ind1=" " ind2="1">
    <subfield code="9">z01790</subfield>
    <subfield code="a">&#x421;&#x43C;&#x438;&#x440;&#x43D;&#x43E;&#x432;</subfield>
    <subfield code="b">&#x42F;. &#x42E;.</subfield>
    <subfield code="f">1970-</subfield>
    <subfield code="g">&#x42F;&#x440;&#x43E;&#x441;&#x43B;&#x430;&#x432; &#x42E;&#x440;&#x44C;&#x435;&#x432;&#x438;&#x447;</subfield>
    <subfield code="4">070</subfield>
    <subfield code="4">220</subfield>
    <subfield code="4">030</subfield>
    <subfield code="7">ca</subfield>
  </datafield>
  <datafield tag="702" ind1=" " ind2="1">
    <subfield code="9">z03790</subfield>
    <subfield code="a">&#x421;&#x43C;&#x438;&#x440;&#x43D;&#x43E;&#x432;</subfield>
    <subfield code="b">&#x41F;. &#x418;.</subfield>
    <subfield code="f">1911-1977</subfield>
    <subfield code="g">&#x41F;&#x430;&#x432;&#x435;&#x43B; &#x418;&#x432;&#x430;&#x43D;&#x43E;&#x432;&#x438;&#x447;</subfield>
    <subfield code="4">280</subfield>
    <subfield code="7">ca</subfield>
  </datafield>
  <datafield tag="790" ind1=" " ind2="1">
    <subfield code="9">z01700</subfield>
    <subfield code="a">Smirnov</subfield>
    <subfield code="b">Y. Yu.</subfield>
    <subfield code="f">1970-</subfield>
    <subfield code="g">Yaroslav Yur`yevich</subfield>
    <subfield code="4">070</subfield>
    <subfield code="4">220</subfield>
    <subfield code="4">030</subfield>
    <subfield code="7">ba</subfield>
  </datafield>
  <datafield tag="790" ind1=" " ind2="1">
    <subfield code="9">z03702</subfield>
    <subfield code="a">Smirnov</subfield>
    <subfield code="b">P. I.</subfield>
    <subfield code="f">1911-1977</subfield>
    <subfield code="g">Pavel Ivanovich</subfield>
    <subfield code="4">280</subfield>
    <subfield code="7">ba</subfield>
  </datafield>
  <datafield tag="801" ind1=" " ind2="0">
    <subfield code="a">RU</subfield>
    <subfield code="b">NLR</subfield>
    <subfield code="c">20170914</subfield>
    <subfield code="g">PSBO</subfield>
  </datafield>
  <datafield tag="801" ind1=" " ind2="1">
    <subfield code="a">RU</subfield>
    <subfield code="b">NLR</subfield>
    <subfield code="c">20170914</subfield>
    <subfield code="2">rusmarc</subfield>
  </datafield>
  <datafield tag="801" ind1=" " ind2="2">
    <subfield code="a">RU</subfield>
    <subfield code="b">NLR</subfield>
    <subfield code="c">20191004</subfield>
  </datafield>
  <datafield tag="852" ind1=" " ind2=" ">
    <subfield code="a">NLR</subfield>
    <subfield code="b">&#x41C;</subfield>
    <subfield code="j">3/11741</subfield>
    <subfield code="p">&#x41C;&#x41E;&#x42D; 2017-16&#x43D;/248&#x43D;</subfield>
    <subfield code="t">1</subfield>
  </datafield>
  <datafield tag="852" ind1=" " ind2=" ">
    <subfield code="a">NLR</subfield>
    <subfield code="b">&#x41C;</subfield>
    <subfield code="j">3/11741&#x430;</subfield>
    <subfield code="p">&#x41C;&#x41E;&#x42D; 2017-16&#x43D;/248&#x43D;&#x430;</subfield>
    <subfield code="t">2</subfield>
  </datafield>
  <datafield tag="942" ind1=" " ind2=" ">
    <subfield code="c">SCORE</subfield>
  </datafield>
  <datafield tag="980" ind1=" " ind2=" ">
    <subfield code="a">NB</subfield>
  </datafield>
  <datafield tag="980" ind1=" " ind2=" ">
    <subfield code="a">ONIZ</subfield>
  </datafield>
  <datafield tag="995" ind1=" " ind2=" ">
    <subfield code="5">2017-09-14</subfield>
    <subfield code="b">NLR01</subfield>
    <subfield code="c">NLR01</subfield>
    <subfield code="e">ONIZ</subfield>
    <subfield code="k">3/11741 3/11741</subfield>
    <subfield code="o">0</subfield>
    <subfield code="r">SCORE</subfield>
    <subfield code="s">311741_311741</subfield>
  </datafield>
  <datafield tag="995" ind1=" " ind2=" ">
    <subfield code="5">2017-09-14</subfield>
    <subfield code="b">NLR01</subfield>
    <subfield code="c">NLR01</subfield>
    <subfield code="e">ONIZ</subfield>
    <subfield code="k">3/11741&#x430; 3/11741&#x430;</subfield>
    <subfield code="o">0</subfield>
    <subfield code="r">SCORE</subfield>
    <subfield code="s">311741_311741</subfield>
  </datafield>
</record>
